Annual report on the progress of chemistry. Sec B. Organic Chemistry (Record no. 4864)

MARC details
000 -LEADER
fixed length control field 00437nam a2200145Ia 4500
022 ## - INTERNATIONAL STANDARD SERIAL NUMBER
ISSN 0069-3030
245 #0 - TITLE STATEMENT
Title Annual report on the progress of chemistry. Sec B. Organic Chemistry
260 ## - PUBLICATION, DISTRIBUTION, ETC. (IMPRINT)
Name of publisher The Chemical Society, London
Place of publication UK
310 ## - CURRENT PUBLICATION FREQUENCY
Current publication frequency A
500 ## - GENERAL NOTE
General note Ending Volume & Year: 83, 1986
500 ## - GENERAL NOTE
General note Missing Volume: 77;82
500 ## - GENERAL NOTE
General note Starting Volume & Year: 67, 1970
942 ## - ADDED ENTRY ELEMENTS (KOHA)
Koha item type Bound Journal
Holdings
Withdrawn status Lost status Damaged status Not for loan Home library Current library Date acquired Accession Number Koha item type
      Bound journals RRII Library RRII Library 31/12/2021 04838J Bound Journal